PROMOTIONAL STRATEGY: MANAGING THE MARKETING COMMUNICATIONS PROCESS / (Record no. 11818)
[ view plain ]
| 000 -الفاتح | |
|---|---|
| حقل البيانات ثابتة الطول | 00564nam a2200205Ia 4500 |
| 008 - عناصر البيانات ثابتة الطول - معلومات عامة | |
| حقل البيانات ثابتة الطول | 140319s9999 xx 000 0 eng d |
| 040 ## - مصدر الفهرسة | |
| وكالة الفهرسة الأصلية | GCL / |
| وكالة النسخ | GCL |
| 082 04 - رقم تصنيف ديوى العشرى | |
| رقم التصنيف | 658.82 |
| رقم المادة | E P |
| 100 1# - المدخل الرئيسى - إسم شخصى | |
| الإسم الشخصى | ENGEL, JAMES F. |
| 245 10 - بيان العنوان | |
| العنوان | PROMOTIONAL STRATEGY: MANAGING THE MARKETING COMMUNICATIONS PROCESS / |
| بيان المسئوليه,etc | ENGEL, JAMES F. |
| 700 1# - المدخل الاضافى - اسم شخصى | |
| الإسم الشخصى | WARSHAW, MARTIN R. |
| 700 1# - المدخل الاضافى - اسم شخصى | |
| الإسم الشخصى | KINNEAR, THOMAS |
| 260 ## - PUBLICATION, DISTRIBUTION, ETC. (IMPRINT) | |
| تاريخ النشر أو التوزيع | 1991 |
| 300 ## - الوصف المادى | |
| التعداد | 624 P |
| 650 04 - المدخل الاضافى بالموضوع-مصطلح موضوعى | |
| مصطلح موضوعي | ADVERTISING |
| 650 04 - المدخل الاضافى بالموضوع-مصطلح موضوعى | |
| مصطلح موضوعي | MARKETING |
| 650 04 - المدخل الاضافى بالموضوع-مصطلح موضوعى | |
| مصطلح موضوعي | MARKETING - MANAGEMENT |
| 942 ## - عناصر المدخل الإضافي( كوها) | |
| مصدر التصنيف او مخطط الترفيف | Dewey Decimal Classification |
| Koha [default] item type | كتاب |
| 260 ## - PUBLICATION, DISTRIBUTION, ETC. (IMPRINT) | |
| -- | [S.N] : |
| -- | IRWIN ، |
| حالة التراجع | حالة الفقد | حالة تلف | ليس للاعارة | المكان المؤقت | الموقع الحالى | تاريخ الاكتساب | اجمالي اﻻعارات | رقم الطلب | الباركود | تاريخ اخر مشاهدة | تاريخ تفعيل السعر | نوع وعاء كوها |
|---|---|---|---|---|---|---|---|---|---|---|---|---|
| مكتبة القاهرة الكبرى | مكتبة القاهرة الكبرى | 03/26/2014 | 658.82\E P | 23246 | 03/26/2014 | 03/26/2014 | كتاب |

